Library Banner

Home from nowhere: (Record no. 12477)

MARC details
000 -LEADER
fixed length control field 00493nam a2200169Ia 4500
001 - CONTROL NUMBER
control field 11608
008 - FIXED-LENGTH DATA ELEMENTS--GENERAL INFORMATION
fixed length control field 140331s9999 xx 000 0 und d
020 ## - INTERNATIONAL STANDARD BOOK NUMBER
International Standard Book Number 0-684-81196-0
040 ## - CATALOGING SOURCE
Transcribing agency PK-LaUMT
082 ## - DEWEY DECIMAL CLASSIFICATION NUMBER
Classification number 307.12
Item number KUN-H
100 ## - MAIN ENTRY--PERSONAL NAME
Personal name Kunstler, James Howard
245 ## - TITLE STATEMENT
Title Home from nowhere:
Remainder of title remaking our everyday world for the twenty-first century.
Statement of responsibility, etc Kunstler, James Howard
260 ## - PUBLICATION, DISTRIBUTION, ETC. (IMPRINT)
Place of publication, distribution, etc Englewood Cliffs,USA:
Name of publisher, distributor, etc Simon & Schuster,
Date of publication, distribution, etc 1996
300 ## - PHYSICAL DESCRIPTION
Extent 318 p.
546 ## - LANGUAGE NOTE
Language note EN
942 ## - ADDED ENTRY ELEMENTS (KOHA)
Koha item type Books
Holdings
Withdrawn status Lost status Damaged status Not for loan Home library Current library Date acquired Total Checkouts Full call number Barcode Date last seen Price effective from Koha item type
        UMT Main Campus UMT Main Campus 2014-03-31   307.12 KUN-H 13391 2014-04-21 2014-04-21 Books